000 01207nam1a22003013 4500
001 rc\2831935
005 20250807190301.0
035 _a(NLR Aleph) 006989870
090 _a88757
_c88757
100 _a20250807 rusy50
101 0 _arus
_crus
102 _aBY
105 _a||||j||||||y|
181 0 _ai
_bxxxe
182 0 _an
200 1 _aЗборнік алгебраічных задач
_eдля сярэдняй школы
_e[перевод с 23-го рус. изд.]
_fШапашнікаў Н. А. і Н. К. Вальцаў
203 _aТекст
_bвизуальный
_cнепосредственный
210 _aMінск
_cДзяржаўнае выд-ва БССР
_d1945–
215 _d20
700 1 _aШапошников
_bН. А.
_cматематик
_f1851-1920
_gНиколай Александрович
_3RU\NLR\AUTH\770278604
701 1 _aВальцов
_bН. К.
_f1858-1900
_gНиколай Константинович
_3RU\NLR\AUTH\770278607
852 _aNLR
_jМт10 г-3/113
899 _aНБ Беларуси
942 _cBOOK
945 _aРоссийская национальная библиотека
980 _aBEL
980 _aBV